000
00345cam a2200145ua 4500
041
_a
hin
_h
082
_a
891.54
_b
DEE/VI
100
_a
Deerechandra, Varma .
245
_a
Vichar dhara /
_c
Deerchandra.
_h
Textual Documents
260
_a
:
_b
Sahitya Bhawan ,
_c
1956.
300
_a
206 ; .
504
_a
942
_c
BK
999
_c
12072
_d
12072